| 000 | 00384cam a22001337a 4500 | ||
|---|---|---|---|
| 008 | 180718b1992 xxu||||| |||| 00| 0 eng d | ||
| 020 | _a817304029X | ||
| 082 | _aB2 Se75 | ||
| 100 | _aSethi, J.D. | ||
| 245 |
_aCharacter of the Indian State : a non-marxist view _cby J.D. Sethi |
||
| 260 |
_aShimla _bIndian Institute of Advanced Study _c1992 |
||
| 300 | _a82p. | ||
| 650 | _aState, The. | ||
| 999 |
_c361122 _d361122 |
||